000
00275nam a2200109Ia 4500
001
588948
005
20250717120840.0
008
250717s9999 xx 000 0 und d
245
0
_a
Y-9 YAVUZ SULTAN SELİM
_c
İSMAİL BİLGİN
260
_b
ERDEM YAYINLARI
_c
2020
300
_b
103
999
_c
588948
_d
588948